000 00709nam a22002175a 4500
005 20160316105616.0
008 160316s2008 ii a frb 001 0 eng d
020 _a8185790612
020 _a9788185790619
082 0 4 _a615.329
_bKOK
_222
100 1 _aKokare, Chandrakant R.
_939568
245 1 0 _aPharmaceutical microbiology :
_bprinciples and applications /
_cChandrakant R. Kokare.
250 _a6th ed.
260 _aShivajiNagar :
_bNirali Prakashan,
_c2008.
300 _a1 v. (various pagings) :
_bill. ;
_c24 cm.
504 _aIncludes bibliographical references and index.
650 7 _aPharmaceutical microbiology.
_2BUEsh
_939569
651 _2BUEsh
653 _bPPhrm
_cMarch2016
942 _2ddc
999 _c21428
_d21400